| 000 | 00408nam a2200145Ia 4500 | ||
|---|---|---|---|
| 008 | 230312s9999||||xx |||||||||||||| ||und|| | ||
| 020 | _a9812-53-063-0 | ||
| 082 |
_a006.3 _bMIT-D |
||
| 100 | _aMitra;Sushmita | ||
| 245 | 0 | _aData Mining:Multimedia,Soft Computing and Bioinformatics | |
| 260 |
_bWiley InterScience _aIndia _c2005 |
||
| 300 | _a401 | ||
| 650 |
_aEngineering _vComputer Engineering |
||
| 942 | _cBK | ||
| 999 |
_c10463 _d10463 |
||